JOURNAL OF THE RUBBER RESEARCH INSTITUTE OF MALAYSIA (Record no. 8828)

MARC details
000 -LEADER
fixed length control field 00560nam a2200157Ia 4500
022 ## - INTERNATIONAL STANDARD SERIAL NUMBER
ISSN 0035-953X
245 #0 - TITLE STATEMENT
Title JOURNAL OF THE RUBBER RESEARCH INSTITUTE OF MALAYSIA
247 ## - FORMER TITLE
Title 1.Journal of the Rubber Research Institute of Malaya 2. Journal of Natural Rubber Research
260 ## - PUBLICATION, DISTRIBUTION, ETC. (IMPRINT)
Name of publisher Rubber Research Institute of Malaysia, Kuala Lumpur
Place of publication Malaysia
310 ## - CURRENT PUBLICATION FREQUENCY
Current publication frequency Q
500 ## - GENERAL NOTE
General note Ending Volume & Year: 33, 1985
500 ## - GENERAL NOTE
General note Missing Volume: 24(4)
500 ## - GENERAL NOTE
General note Starting Volume & Year: 24, 1974/76
942 ## - ADDED ENTRY ELEMENTS (KOHA)
Koha item type Bound Journal
Holdings
Withdrawn status Lost status Damaged status Not for loan Home library Current library Date acquired Accession Number Koha item type
      Bound journals RRII Library RRII Library 31/12/2021 08786J Bound Journal